El sentido del cuerpo / (Record no. 150209)

MARC details
000 -LEADER
campo de control de longitud fija 00543nam a2200193 i 4500
001 - NÚMERO DE CONTROL
campo de control 150209
003 - IDENTIFICADOR DE NÚMERO DE CONTROL
campo de control ES-MaACL
005 - FECHA Y HORA DE LA ÚLTIMA TRANSACCIÓN
campo de control 20230906203424.0
007 - CAMPO FIJO DE DESCRIPCIÓN FÍSICA--INFORMACIÓN GENERAL
campo de control de longitud fija t|
008 - DATOS DE LONGITUD FIJA--INFORMACIÓN GENERAL
campo de control de longitud fija 071029s1980 sp ||||1| spa d
100 1# - ENTRADA PRINCIPAL--NOMBRE DE PERSONA
Nombre de persona Vaca, César.
9 (RLIN) 112357
245 13 - MENCIÓN DEL TÍTULO
Título El sentido del cuerpo /
Mención de responsabilidad, etc. César Vaca.
260 ## - PUBLICACIÓN, DISTRIBUCIÓN, ETC.
Lugar de publicación, distribución, etc. [Madrid] :
Nombre del editor, distribuidor, etc. La Edit. Católica,
Fecha de publicación, distribución, etc. [1980]
300 ## - DESCRIPCIÓN FÍSICA
Extensión 30 p. ;
Dimensiones 19 cm.
490 1# - MENCIÓN DE SERIE
Mención de serie Cuadernos B.A.C. ;
Designación de volumen o secuencia 33
830 0# - PUNTO DE ACCESO ADICIONAL DE SERIE-TÍTULO UNIFORME
Título uniforme Cuadernos B.A.C. ;
Designación de volumen o secuencia 33
9 (RLIN) 233403
852 ## - LOCALIZACIÓN
Ubicación ES-MaACL
Número de control de estantería 2111-F-5
Sublocalización o colección R.100636
Holdings
Estatus retirado Estado de pérdida Estado de daño No para préstamo Colección Biblioteca de origen Biblioteca actual Ubicación en estantería Fecha de adquisición Fuente de adquisición Total de préstamos Signatura topográfica completa Código de barras Visto por última vez Precio de reemplazo Tipo de ítem Koha
        Colección de folletos Biblioteca del Ateneo de Madrid Biblioteca del Ateneo de Madrid Depósito folletos 17/01/2008     2111-F-5 1156742 23/02/2023 23/02/2023 Folleto